| 000 | 00464nam a2200193 a 4500 | ||
|---|---|---|---|
| 001 | 1760443543634 | ||
| 003 | ACL | ||
| 005 | 20251014174601.0 | ||
| 008 | 251014s2007##################000#0#eng## | ||
| 020 | _a9780750684729 | ||
| 082 | 0 | 4 |
_a658.404 _bMEL |
| 100 | 1 |
_aMelton, Trish, _eauthor. |
|
| 245 | 1 | 0 | _aReal Project Planning : |
| 260 | _c2007. | ||
| 300 | _a344 pages | ||
| 650 | 0 | _aTechnology & Engineering. | |
| 942 | _cENGLISH | ||
| 040 |
_aACL _beng _cACL |
||
| 999 |
_c591606 _d591606 |
||